| 000 | 00974nam a2200277 a 4500 | ||
|---|---|---|---|
| 001 | 46786 | ||
| 003 | BD-RjUL | ||
| 005 | 20211209054214.0 | ||
| 008 | 160804s1975 enka b 000 0 eng | ||
| 020 |
_a0710083106 : _c£4.25 |
||
| 035 | _a(BD-RjUL)46905 | ||
| 040 |
_aDLC _cDLC _dBD-RjUL _beng |
||
| 041 | _aeng | ||
| 082 | 0 | 0 |
_a361.941 _223 _bACT 1975 |
| 245 | 0 | 0 |
_aAction-research in community development / _c[edited by] Ray Lees and George Smith. |
| 260 |
_aLondon ; _aBoston : _bRoutledge & K. Paul, _c1975 [reprinted1977] |
||
| 300 |
_axii, 202 p. : _bill. ; _c24 cm. |
||
| 490 | 0 | _aRoutledge direct editions | |
| 504 | _aBibliography: p. 200-202. | ||
| 650 | 0 |
_aCommunity Development Project. _9142555 |
|
| 650 | 0 |
_aCommunity development _zGreat Britain _xCase studies. _9142556 |
|
| 650 | 0 |
_aEvaluation research (Social action programs) _zGreat Britain. _9142557 |
|
| 700 | 1 |
_aLees, Ray. _9142558 |
|
| 700 | 1 |
_aSmith, George Antony Noel. _9142559 |
|
| 942 |
_2ddc _cBK |
||
| 999 |
_c46786 _d46786 |
||